000 02909nkm a2200421 4500
001 RU\NLR\BIBL_A\022824418
005 20260623074714.0
035 _a(NLR Aleph) 022824418
071 5 0 _a30795/м
_950000
090 _a13737001
_c13737001
100 _a20260601f19271929u y0rusy50 ca
101 0 _arus
102 _aRU
116 _aiiycxx bf zz
181 0 _ab4
_bxb2e
182 0 _an
200 1 _a[Стенька Разин
_eкалендарная стенка]
203 _aИзображение
_bнеподвижное
_bдвухмерное
_bвизуальное
_cнепосредственное
210 _a[Москва]
_cГосударственное издательство
_d[между 1927 и 1929]
_eЛенинград
_gТип. "Печатный двор"
215 _a1 л.
_cхромолитогр.
_d31,8х21,6
300 _aСправа внизу факс. подписи художника и дата: Б. Кустодиев 1926
300 _aЦенз. разрешение: Ленинградский Областлит № 28381
300 _aВ вып. дан.: Р, 60
301 _aИзд. номер: Гиз № 30795/м
327 0 _aСтепан Разин и его сподвижники в лодке, на заднем плане другие лодки
600 1 _aРазин
_bС.Т.
_fок. 1630 - 1671
_gСтепан Тимофеевич
_jКалендарные стенки
_92601081
_3RU\NLR\AUTH\661537639
606 1 _aКалендарные стенки
_92185775
_3RU\NLR\AUTH\6601550393
686 1 _aЩ150.489
700 1 _4040
_7ca
_8rus
_aКустодиев
_bБ. М.
_cхудожник
_f1878-1927
_gБорис Михайлович
_922965
_3RU\NLR\AUTH\7740011
712 0 2 _4650
_aГосударственное издательство РСФСР
_9601118
_3RU\NLR\AUTH\8810050489
712 0 2 _4610
_a"Печатный двор", типография
_cЛенинград
_92698286
_3RU\NLR\AUTH\880639151
830 _aГраницы датировки: 1927 - образование Ленинградской области; 1929 - поступление в РНБ. Штамп и реестр: "Гос. Публичн. Б-ка 1929. Об. экз. Лнгр.", 9590. АЯ ОЭФ
830 _a1926: "Стенька Разин. Эскиз стенки для календаря на 1927 год. Ноябрь. Для Гос. издательства в Москве. Тогда же издано. Б., акв., кар. 36х24": Борис Кустодиев : [альбом репродукций] / авт. вступ. статьи, каталога и сост. М. Г. Эткинд. М.: Сов. художник, 1982. С. 386 (2756). АЯ ОЭФ
852 0 0 _aNLR
_bЭ
_jПр.гр./К171-Ис536
_mЭпг-4
942 _cVISUAL
980 _aNB